00531nam a2200181 a 450000100060000000300090000600800410001502000150005604000280007108200160009910000260011524500640014126000500020530000110025549000420026665000170030865000240032519803CO-ViMGA141112s2004 ck r 000 u spa d a9968380822 aCO-ViMGAbspacCO-ViMGA04a343.3 A521e1 aAlcala Zamora, Niceto10aEstudio acerca del allanamiento en el proceso penal. Vol. 3 aMexico : bEd. Juridica Universitaria, c2001 a122 p. aClásicos del derecho procesal penal14aALLANAMIENTO14aPROCEDIMIENTO PENAL